00686nam a2200205 a 450000100100000000500170001000800410002702000150006804000250008308200180010810000350012624500990016126000520026030000200031250400300033265000240036265000350038665000260042170000330044700000656520200929153943.0090901s2001 dr 000 0 spa d a9993481785 aDO-SdBNPbspacBNPHU a332.74bH557m1 aHernández, Joaquín,d1954-10aManual de crédito para directivos y analistas /cJoaquín Hernández, Annerys Rodríguez. aSanto Domingo :bCooperativa San José,c2001. a76 p. ;c22 cm. aBibliografía: p. 71-72. 4aEstados financieros 4aAdministración de créditos 4aAnálisis financiero1 aRodríguez, Annerys,d1973-